Statistiques concernant Les 20 préfectures les plus proches de Macon

Cliquez ici pour prendre le quiz!

Statistiques générales

  • Ce quiz a été pris 73 fois
  • Le résultat moyen est 16 sur 20

Statistiques - réponses

distance (en km)ville préfecture% Correct
61Lyon
100%
114Dijon
94%
143Grenoble
94%
32Bourg en Bresse
90%
147Clermont-Ferrand
89%
138Besançon
87%
192Auxerre
86%
102Saint-Etienne
86%
149Nevers
84%
110Annecy
83%
111Moulins
79%
153Valence
79%
117.62Chambery
78%
69Lons le Saunier
76%
214Belfort
70%
158Le puy en velay
67%
117.63Vesoul
65%
176Privas
63%
205Bourges
59%
203Chaumont
48%

Distribution des résultats

Percentile par nombre de réponses

% des personnes avec chaque résultat

Votre développement - résultats

Vous n’avez pas pris ce quiz